000 02422cas a2200457 4500
001 10545037
003 AUA.1
005 20130529103007.0
007 t|
008 850720c19639999miufr p 0 a0eng c
010 _a 74645601
_zsc 76000812
022 _a0003-2980
_21
035 _a(OCoLC)ocm01780045
037 _b49104
040 _aMnMULS
_cMnMULS
_dMBTI
_dNSDP
_dDLC
_dOCoLC
_dAIP
_dNSDP
_dAIP
_dOCoLC
_dDLC
_dTNJ
_dOCoLC
042 _ansdp
_apcc
050 0 0 _aBR1
_b.A53a
110 2 _aAndrews University.
_bSeventh-Day Adventist Theological Seminary.
_936746
210 0 _aAndrews Univ. Semin. stud.
222 0 _aAndrews University Seminary studies
245 1 0 _aAndrews University Seminary studies.
260 _aBerrien Springs, Mich.,
_bAndrews University Press.
_cAutumn 2005
300 _bill.
_c23 cm.
_av.:
310 _a2 issues yearly,
_b<spring 1995- >
321 _aFrequency varies,
_b1963-
362 0 _aAutumn 2005
440 _aAndrews University Seminary studies.
_vVol.43, No.2
_936747
500 _a"Journal of the Seventh-Day Adventist Theological Seminary."
500 _aArticles: Madaba plains project; Lintel inscription: Tall Hisban, Field M, Square 5, 2001; The theme of apocalyptic war in the dead sea scrolls; The mark of the beast as a "sign commandment" and " anti-sabbath" in the worship crisis of Revelation 12-14; Word frequencies in the book of Revelation; Structural models for world mission in the twenty-first century: An adventist perspective; Creating unity ina multicultural christian organization: Is the seventh-day adventist church effectively meeting its goal of scriptural unity? Dissertation and abstracts;
590 _aAnnual, 1963-64; 2 no. a year, 1965-. "Journal of the Seventh-day Adventist Theological Seminary."
650 0 _aTheology
_vPeriodicals.
_936748
650 0 _aTheological seminaries
_xPeriodicals.
_936749
700 _aJerry Moon and John W. Reeve
_eEditors
_936750
906 _a7
_bcbc
_cserials
_du
_encip
_f19
_gn-oclcserc
936 _aSpring 1995 (surrogate) LIC
942 _2lcc
_cPER
_hBR1
_i.A53a 2005
999 _c10255
_d10255